¿Nueva normatividad del comportamiento sexual juvenil en Chile? /

El artículo intenta discutir las transformaciones que están acaeciendo en la vida sexual y afectiva de los jóvenes chilenos desde una perspectiva psicosocial. La sexualidad estaría en transición desde un modelo centrado en ciertas normas, hacia otro, en que, sin renunciar a las normas, éstas se han...

Full description

Bibliographic Details
Main Author: Barrientos D., Jaime
Format: Analitica de revista
Language:Spanish
Published: Valparaíso, Chile CIDPA 2006
Subjects:
Online Access:Acceso electrónico al documento

MARC

LEADER 00000cab a2200000 a 4500
001 049101
003 UAHC_CL
005 20180801174144.0
008 090818b cl 000 spa
952 |0 0  |1 0  |4 0  |6 ULTIMA_DECADA24_06_000000000000000  |7 0  |8 General  |9 87861  |a BC  |b BC  |c General  |d 2017-08-03  |l 0  |o ULTIMA DECADA-24/06  |p FICTICIO8090  |r 2019-01-08 00:00:00  |t 1  |w 2017-08-03  |y REVA 
999 |c 49101  |d 49101 
040 |a UAHC_CL  |c UAHC_CL  |d UAHC_CL 
100 1 |a Barrientos D., Jaime 
245 1 0 |a ¿Nueva normatividad del comportamiento sexual juvenil en Chile? /  |c Jaime Barrientos Delgado. 
260 |b CIDPA  |a Valparaíso, Chile  |c 2006 
300 |a p. 81-97 
500 |a Ultima décad., dic. 2006, vol.14, no.24, p. 81-97. ISSN 0718-2236. 
520 |a El artículo intenta discutir las transformaciones que están acaeciendo en la vida sexual y afectiva de los jóvenes chilenos desde una perspectiva psicosocial. La sexualidad estaría en transición desde un modelo centrado en ciertas normas, hacia otro, en que, sin renunciar a las normas, éstas se han transformado intensamente, ya sea diversificándose, flexibilizándose o, incluso, rigidizándose. Se discute este cambio concentrándose en el inicio sexual, usando diversos datos existentes en Chile sobre el tema. 
650 4 |a Sexualidad 
650 4 |a NORMAS 
650 4 |a TRANSFORMACION CULTURAL 
773 0 |t Universum.  |w 049142 
856 |u http://www.scielo.cl/scielo.php?script=sci_arttext&pid=S0718-22362006000100005&lng=es&nrm=iso&tlng=es  |y Acceso electrónico al documento 
900 |a ULTIMA DECADA-24/06 
942 |c REVA  |2 ddc